000 00452nam a2200181 a 4500
001 1755946828372
003 YourLibrary
005 20250826120540.0
008 250823s1998##################000#0#eng##
020 _a9781861970107
082 0 4 _a032
_bDES
245 1 0 _aThe Economist Desk Companion :
260 _bEconomist Books,
_c1998.
300 _a272 pages
650 0 _aFinance.
942 _cENGLISH
040 _aYourLibrary
_beng
_cYourLibrary
999 _c584011
_d584011